LEADER 01368nam a2200289 a 4500 001 000000143675 003 CaOOAMICUS 005 20150528114524.0 008 150528s2005 it u000 u ita r 020 $a88-307-1446-1 040 $aPUL$bita 082 04$a266.2092 245 00$aPadre e guida di missionari :$blettere di Mons. Giuseppe Marinoni, primo direttore del Pontificio Istituto Missioni Estere 1850-1891 /$cDomenico Colombo (a cura di) 260 $aBologna :$bEMI,$cİ2005. 300 $a558 p. ;$c22 cm 490 1 $aStoria e vita missionaria ;$v24 600 14$aMarinoni, Giuseppe,$csac.,$d1810-1891$vLettere.$0(OLS)http://pul/subject/41784 700 1 $aColombo, Domenico.$0(OLS)http://pul/name/42338 830 0$aStoria e vita missionaria ;$v24.$0(OLS)http://pul/title/74158 850 $aPUL 852 $aPUL$W1$xDP2 Religione 3$y114$m266. 2092 COLDO 1$j165761$qDDC 21$B166106$CPULBib$Z2$F166106 $H125949 $82 941 1 $a9 996 $6020$a88-307-1446-1$9(OLS)http://pul/number/157699 996 $6082$a266.2092$9(OLS)http://pul/classification/2381 996 $6245$aPadre e guida di missionari :$blettere di Mons. Giuseppe Marinoni, primo direttore del Pontificio Istituto Missioni Estere 1850-1891$9(OLS)http://pul/title/181773 996 $6260$aBologna :$bEMI$9(OLS)http://pul/publisher/65320 LEADER 01481nam a2200325 a 4500 001 000000140739 003 CaOOAMICUS 005 20141203130410.0 008 141203s2013 it u000 u ita r 020 $a978-88-498-3949-4 040 $aPUL$bita 082 04$a234 100 1 $aAntiseri, Dario,$d1940-$0(OLS)http://pul/name/1978 245 13$aLa vita alla luce della fede :$briflessioni filosofiche e socio-politiche sull'enciclica "Lumen fidei" /$cDario Antiseri, Flavio Felice. 260 $aSoveria Mannelli :$bRubbettino,$c2013. 300 $a144 p. ;$c23 cm 490 1 $aCatholica ;$v10 504 $aContiene riferimenti bibliografici. 610 24$aPapi (2013-2025 : Franciscus)$tLumen fidei.$0(OLS)http://pul/subject/39747 650 4$aFede.$0(OLS)http://pul/subject/668 700 1 $aFelice, Flavio,$d1969-$0(OLS)http://pul/name/42078 830 0$aCatholica (Rubbettino) ;$v10.$0(OLS)http://pul/title/157198 850 $aPUL 852 $aPUL$W1$xSL Religione 3$y85$m234 ANTDA 1$j162515$qDDC 21$B162098$CPULBib$Z2$F162098 $H125041 $82 941 1 $a9 996 $6020$a978-88-498-3949-4$9(OLS)http://pul/number/156413 996 $6082$a234$9(OLS)http://pul/classification/573 996 $6245$aLa vita alla luce della fede :$briflessioni filosofiche e socio-politiche sull'enciclica "Lumen fidei"$9(OLS)http://pul/title/178080 996 $6260$aSoveria Mannelli :$bRubbettino$9(OLS)http://pul/publisher/51639